England, Scotland or Wales? — Click Quiz #4 - Statistics

General Stats
  • This quiz has been taken 288 times
  • The average score is 14 of 21
Answer Stats
Hint Answer % Correct
Inverurie Scotland
94%
Corby England
88%
Bishop Auckland England
87%
Tavistock England
84%
Elgin Scotland
79%
Ryde England
77%
Lewes England
75%
March England
75%
Withernsea England
72%
Ellesmere Port England
71%
Halesowen England
64%
Morpeth England
64%
Larkhall Scotland
64%
Moffat Scotland
64%
Builth Wells Wales
64%
Coggeshall England
61%
Ammanford Wales
51%
Wem England
50%
Oswestry England
48%
Barmouth Wales
41%
Huntly Scotland
32%
No matching quizzes found
Score Distribution
Percent of People with Each Score
Percentile by Number Answered
Your Score History
You have not taken this quiz